[Event "18.Open Seefeld"]
[Site "Seefeld / Oesterreich"]
[Date "2007.09.03"]
[Round "3"]
[White "Klein, Reinhard"]
[Black "Allgaier, Erik"]
[Result "1/2-1/2"]
[WhiteElo "1870"]
[BlackElo "2060"]
[PlyCount "80"]
[EventDate "2007.09.01"]
[EventType "swiss"]
[EventRounds "9"]
[EventCountry "AUT"]

1. d4 g6 2. c4 d6 3. Nc3 Bg7 4. e4 e5 5. Be3 exd4 6. Bxd4 Nf6 7. Qa4+ Nc6 8. c5
O-O 9. Bxf6 Qxf6 10. cxd6 Qxd6 11. Rd1 Qb4 12. Qxb4 Nxb4 13. Bc4 Be6 14. Bxe6
fxe6 15. Nge2 Nc2+ 16. Kd2 Rxf2 17. Kxc2 Bxc3 18. Kxc3 Rxe2 19. Rd7 Rf8 20.
Rxc7 Rf7 21. Rxf7 Kxf7 22. g3 h5 23. a3 Ke7 24. b3 Re3+ 25. Kc2 b5 26. Rd1 g5
27. Rd3 Re2+ 28. Rd2 Rxe4 29. Kd3 Rg4 30. Ke3 a5 31. Kf3 e5 32. Rd5 e4+ 33. Ke3
a4 34. Rxb5 axb3 35. Rxb3 h4 36. gxh4 Rxh4 37. Rb4 Rh3+ 38. Kxe4 Rxh2 39. Kf5
Ra2 40. a4 Kd6 1/2-1/2

[Event "18.Open Seefeld"]
[Site "Seefeld / Oesterreich"]
[Date "2007.09.03"]
[Round "3"]
[White "Buchaeckert, Juergen"]
[Black "Walcher, Christian"]
[Result "1/2-1/2"]
[WhiteElo "1964"]
[BlackElo "1776"]
[PlyCount "72"]
[EventDate "2007.09.01"]
[EventType "swiss"]
[EventRounds "9"]
[EventCountry "AUT"]

1. e4 c5 2. c3 d5 3. exd5 Qxd5 4. d4 e6 5. Nf3 Nf6 6. Be3 Be7 7. dxc5 Qxd1+ 8.
Kxd1 Nbd7 9. b4 Nd5 10. Bc4 Nxe3+ 11. fxe3 a5 12. a3 O-O 13. Nbd2 Nf6 14. Ke2
Nd5 15. Bxd5 exd5 16. Nb3 axb4 17. cxb4 Bf6 18. Nbd4 Bg4 19. h3 Bh5 20. g4 Bg6
21. g5 Bxd4 22. Nxd4 Rfe8 23. h4 Bh5+ 24. Kd2 Re4 25. a4 Bg4 26. b5 Kf8 27.
Rhf1 Rae8 28. Ra3 Bd7 29. Nf5 Bxf5 30. Rxf5 d4 31. Rf3 Rxh4 32. exd4 Rxd4+ 33.
Rfd3 Rc4 34. Rd7 Rg4 35. Rf3 Re7 36. Rd8+ Re8 1/2-1/2

[Event "18.Open Seefeld"]
[Site "Seefeld / Oesterreich"]
[Date "2007.09.03"]
[Round "3"]
[White "Georgiev, Georgi"]
[Black "Kircher, Werner"]
[Result "1/2-1/2"]
[WhiteElo "1915"]
[BlackElo "1944"]
[PlyCount "104"]
[EventDate "2007.09.01"]
[EventType "swiss"]
[EventRounds "9"]
[EventCountry "AUT"]

1. d4 Nf6 2. Nf3 c5 3. e3 e6 4. c4 d5 5. Nc3 Nc6 6. a3 Be7 7. Bd3 O-O 8. O-O b6
9. Ne5 Bb7 10. cxd5 exd5 11. Qa4 Qc8 12. Bb5 Nxe5 13. dxe5 Ne4 14. Nxe4 dxe4
15. Rd1 Rd8 16. Bd7 Qc7 17. e6 fxe6 18. Qc4 Bd5 19. Bxe6+ Bxe6 20. Qxe6+ Kh8
21. Bd2 Rd6 22. Qg4 Rad8 23. Bc3 Rxd1+ 24. Rxd1 Rxd1+ 25. Qxd1 Qb7 26. Qg4 Bf6
27. Bxf6 gxf6 28. Qe6 Kg7 29. h4 b5 30. Qg4+ Kf8 31. Qf5 Qe7 32. g4 a5 33. f4
exf3 34. Kf2 Kg7 35. Kxf3 Qd6 36. g5 Qd1+ 37. Kg3 Qg1+ 38. Kf3 Qf1+ 39. Kg4
Qg2+ 40. Kf4 Qf2+ 41. Ke4 Qxh4+ 42. Kd3 c4+ 43. Kc2 Qxg5 44. Qd7+ Kg6 45. Qe8+
Kh6 46. Qf8+ Kh5 47. Kb1 Qxe3 48. Qxf6 Qd3+ 49. Ka2 Qb3+ 50. Ka1 Qd1+ 51. Ka2
Qb3+ 52. Ka1 Qd1+ 1/2-1/2

[Event "18.Open Seefeld"]
[Site "Seefeld / Oesterreich"]
[Date "2007.09.03"]
[Round "3"]
[White "Rampler, Evely"]
[Black "Glanznig, Mario"]
[Result "1-0"]
[WhiteElo "1588"]
[BlackElo "1895"]
[PlyCount "95"]
[EventDate "2007.09.01"]
[EventType "swiss"]
[EventRounds "9"]
[EventCountry "AUT"]

1. e4 c5 2. Nc3 d6 3. d3 g6 4. g3 Bg7 5. Bg2 Nc6 6. Be3 a6 7. a4 Nf6 8. h3 Qc7
9. Nge2 Rb8 10. Qd2 Nb4 11. O-O O-O 12. Na2 Nxa2 13. Rxa2 Be6 14. b3 Nd7 15.
Bh6 f6 16. Bxg7 Kxg7 17. Nf4 Bf7 18. Nd5 Qd8 19. f4 e6 20. Ne3 f5 21. Qc3+ Qf6
22. Qxf6+ Kxf6 23. Nc4 Ke7 24. exf5 gxf5 25. Re1 b6 26. c3 Nf6 27. b4 cxb4 28.
cxb4 Rfc8 29. b5 a5 30. Rae2 Rc5 31. Kf2 Nd5 32. d4 Rxc4 33. Bxd5 Rxa4 34. Bxe6
Kf6 35. Bxf7 Kxf7 36. Re7+ Kg8 37. g4 Rxd4 38. Kg3 fxg4 39. hxg4 Rf8 40. Rb7
Rdxf4 41. Ree7 Rf3+ 42. Kh4 R8f7 43. Rxf7 Rxf7 44. Rxb6 Rd7 45. Ra6 a4 46. Rxa4
Rb7 47. Ra6 d5 48. b6 1-0

[Event "18.Open Seefeld"]
[Site "Seefeld / Oesterreich"]
[Date "2007.09.03"]
[Round "3"]
[White "Noettger, Eckard"]
[Black "Dalnodar, Bernhard"]
[Result "0-1"]
[WhiteElo "1983"]
[BlackElo "1709"]
[PlyCount "49"]
[EventDate "2007.09.01"]
[EventType "swiss"]
[EventRounds "9"]
[EventCountry "AUT"]

1. d4 d5 2. Nf3 Nf6 3. e3 c6 4. c4 e6 5. Nc3 Nbd7 6. cxd5 exd5 7. Bd3 Bd6 8.
O-O O-O 9. a3 h6 10. b4 Re8 11. Bd2 Ne4 12. Rc1 Ndf6 13. Qb3 Bg4 14. Bxe4 Nxe4
15. Nxe4 dxe4 16. Ne5 Bxe5 17. h3 Be6 18. Qc2 Bd6 19. Bc3 Qg5 20. Kh1 Qh4 21.
f4 exf3 22. Rxf3 Bd5 23. Be1 Qh5 24. Rf5 Qxh3+ 25. Kg1 0-1

[Event "18.Open Seefeld"]
[Site "Seefeld / Oesterreich"]
[Date "2007.09.03"]
[Round "3"]
[White "Berkemeier, Juergen"]
[Black "Scheidt, Eugen"]
[Result "1-0"]
[WhiteElo "1917"]
[BlackElo "1981"]
[PlyCount "95"]
[EventDate "2007.09.01"]
[EventType "swiss"]
[EventRounds "9"]
[EventCountry "AUT"]

1. e4 c5 2. Nf3 d6 3. d4 cxd4 4. Nxd4 Nf6 5. Nc3 a6 6. Bg5 e6 7. f4 Be7 8. Qf3
Qc7 9. Be2 Bd7 10. Qg3 Nc6 11. Nxc6 Bxc6 12. Bf3 h6 13. Bh4 O-O 14. O-O-O Rac8
15. Rd2 b5 16. e5 dxe5 17. fxe5 Nd5 18. Nxd5 Bxh4 19. Nf6+ Bxf6 20. exf6 Qxg3
21. hxg3 Bxf3 22. fxg7 Kxg7 23. gxf3 Rc6 24. Rd7 Rfc8 25. Rh2 Kg6 26. Rhd2 f6
27. Rb7 e5 28. c3 R8c7 29. Rxc7 Rxc7 30. Rd6 a5 31. Kd2 Rc5 32. b3 Kg5 33. Ra6
b4 34. c4 h5 35. Rd6 f5 36. Rd8 a4 37. Rb8 axb3 38. axb3 h4 39. gxh4+ Kxh4 40.
Rxb4 Kg3 41. Rb5 Rxb5 42. cxb5 Kf2 43. b6 e4 44. fxe4 fxe4 45. b7 e3+ 46. Kd3
e2 47. b8=Q e1=Q 48. Qf4+ 1-0

[Event "18.Open Seefeld"]
[Site "Seefeld / Oesterreich"]
[Date "2007.09.03"]
[Round "3"]
[White "Grimm, Joachim"]
[Black "Platzgummer, Peter"]
[Result "1-0"]
[WhiteElo "1618"]
[BlackElo "1966"]
[PlyCount "95"]
[EventDate "2007.09.01"]
[EventType "swiss"]
[EventRounds "9"]
[EventCountry "AUT"]

1. e4 c5 2. Nf3 d6 3. d4 cxd4 4. Nxd4 Nf6 5. Nc3 a6 6. Be2 e5 7. Nb3 Be6 8. Be3
Nbd7 9. f4 exf4 10. Bxf4 Ne5 11. Nd4 Be7 12. Nf3 Qc7 13. Qd4 Nc6 14. Qd2 O-O
15. Nd5 Bxd5 16. exd5 Ne5 17. Nxe5 dxe5 18. Be3 b5 19. O-O Bc5 20. Rxf6 gxf6
21. Rf1 Kg7 22. Kh1 Bxe3 23. Qxe3 Rg8 24. Bd3 Rad8 25. Qe4 Rh8 26. Qg4+ Kf8 27.
Rxf6 Rxd5 28. h3 Rd4 29. Qh5 e4 30. Qh4 Qe7 31. Qh6+ Ke8 32. Rxa6 Rxd3 33. cxd3
Qb7 34. Rb6 Qc7 35. dxe4 Rg8 36. Qc6+ Qxc6 37. Rxc6 Kd7 38. Rb6 Rg5 39. Rb7+
Ke6 40. Rb6+ Kd7 41. Rf6 Re5 42. Rxf7+ Ke6 43. Rf5 Rxf5 44. exf5+ Kxf5 45. b3
Ke4 46. a4 b4 47. a5 Kd5 48. g4 1-0

[Event "18.Open Seefeld"]
[Site "Seefeld / Oesterreich"]
[Date "2007.09.03"]
[Round "3"]
[White "Verwer, Renzo"]
[Black "Storkebaum, Ulrike"]
[Result "0-1"]
[WhiteElo "1600"]
[BlackElo "1963"]
[PlyCount "118"]
[EventDate "2007.09.01"]
[EventType "swiss"]
[EventRounds "9"]
[EventCountry "AUT"]

1. e4 e5 2. Nf3 Nc6 3. Nc3 Nf6 4. Nxe5 Nxe5 5. d4 Nc6 6. d5 Bb4 7. dxc6 bxc6 8.
Qd4 Qe7 9. Bd3 h6 10. O-O Bc5 11. Qc4 O-O 12. Bf4 Bb6 13. a4 a5 14. e5 Nh5 15.
Qe4 g6 16. Bxh6 Re8 17. Rae1 Kh7 18. Bd2 Ba6 19. Kh1 Bxd3 20. cxd3 f6 21. f4 f5
22. Qf3 Rh8 23. g4 Ng7 24. gxf5 Nxf5 25. Qg4 Kg7 26. Rf3 Rh4 27. Qg5 Qe6 28.
Qf6+ Qxf6 29. exf6+ Kxf6 30. Ne4+ Kf7 31. Bc3 Bd4 32. Ng5+ Kf6 33. Bxd4+ Nxd4
34. Rfe3 Nf5 35. Rf3 Rah8 36. h3 Rb8 37. Rf2 Rb4 38. Ne4+ Kg7 39. Kh2 Rd4 40.
Nc5 Kf7 41. Rg1 d6 42. Ne4 Rxd3 43. Ng5+ Kf6 44. Re1 Nd4 45. Re8 d5 46. Rf8+
Ke7 47. Rf7+ Kd6 48. Rf6+ Kc5 49. Rxg6 Nf5 50. Rf6 Ne3 51. Kg3 Rh8 52. Rf3 d4
53. f5 Rd1 54. Re6 Rg1+ 55. Kf2 Rxg5 56. f6 Rf8 57. f7 Rg7 58. Ref6 Nd5 59.
R6f5 Kd6 0-1

[Event "18.Open Seefeld"]
[Site "Seefeld / Oesterreich"]
[Date "2007.09.03"]
[Round "3"]
[White "Ranker, Klemens"]
[Black "Loew, Bernd"]
[Result "1-0"]
[WhiteElo "1955"]
[BlackElo "1601"]
[PlyCount "66"]
[EventDate "2007.09.01"]
[EventType "swiss"]
[EventRounds "9"]
[EventCountry "AUT"]

1. e4 b6 2. Nc3 Bb7 3. Nf3 Nf6 4. d3 e6 5. Be2 c5 6. O-O Be7 7. h3 a6 8. Bf4 d6
9. Qd2 Nbd7 10. Rae1 e5 11. Bh2 O-O 12. Bd1 Qc7 13. Ne2 b5 14. Ng3 g6 15. Ng5
Kh8 16. f4 h6 17. Nf3 Rad8 18. fxe5 Ng8 19. exd6 Bxd6 20. Ne2 Bxh2+ 21. Nxh2
Ne5 22. Qf4 g5 23. Qg3 Qe7 24. Rf5 f6 25. Ref1 Bc8 26. R5f2 h5 27. Qe3 Ng6 28.
Ng3 Nf4 29. Nxh5 Nxh5 30. Bxh5 Be6 31. a3 Qh7 32. Bg4 Bf7 33. Qxc5 Bg6 1-0

[Event "18.Open Seefeld"]
[Site "Seefeld / Oesterreich"]
[Date "2007.09.03"]
[Round "3"]
[White "Michel, Jan"]
[Black "Schnegg, Martin"]
[Result "0-1"]
[WhiteElo "1450"]
[BlackElo "1931"]
[PlyCount "68"]
[EventDate "2007.09.01"]
[EventType "swiss"]
[EventRounds "9"]
[EventCountry "AUT"]

1. e4 c5 2. Nf3 d6 3. Bb5+ Bd7 4. Bxd7+ Qxd7 5. O-O Nf6 6. Re1 Nc6 7. Nc3 e6 8.
d3 Be7 9. Bd2 O-O 10. a3 a6 11. Ne2 b5 12. Ng3 Rfc8 13. c3 a5 14. Qe2 a4 15. c4
Rcb8 16. Bc3 e5 17. Nd2 b4 18. axb4 cxb4 19. Bxe5 dxe5 20. Nf3 b3 21. Red1 a3
22. Nf1 Nd4 23. Nxd4 Qxd4 24. bxa3 b2 25. Rab1 Rxa3 26. Qc2 Bc5 27. h3 g6 28.
Ng3 Ra1 29. Rf1 Rxb1 30. Qxb1 Qc3 31. Ne2 Qd2 32. Ng3 Ra8 33. Qd1 Qxd1 34. Rxd1
Ra1 0-1

[Event "18.Open Seefeld"]
[Site "Seefeld / Oesterreich"]
[Date "2007.09.03"]
[Round "3"]
[White "Breedveld, Carmen"]
[Black "Duric, Rajko"]
[Result "0-1"]
[WhiteElo "1289"]
[BlackElo "1877"]
[PlyCount "108"]
[EventDate "2007.09.01"]
[EventType "swiss"]
[EventRounds "9"]
[EventCountry "AUT"]

1. b3 e5 2. Bb2 Nc6 3. e3 d6 4. Ne2 Be7 5. g3 Nf6 6. Bg2 O-O 7. O-O Bd7 8. d4
exd4 9. exd4 Qc8 10. Nf4 g5 11. Nd3 Bh3 12. d5 Bxg2 13. Kxg2 Nxd5 14. Nc3 Nxc3
15. Bxc3 Qf5 16. Rc1 Bf6 17. Bd2 Rfe8 18. Qh5 Qg6 19. Qxg6+ hxg6 20. f3 Re2+
21. Rf2 Rae8 22. Bb4 Bd4 23. Rxe2 Rxe2+ 24. Kh3 Be3 25. Re1 Rxe1 26. Bxe1 Nd4
27. Ba5 b6 28. Bc3 Nxc2 29. b4 Bd4 30. Bd2 f6 31. g4 Kf7 32. Bc1 Ke6 33. a3 Kd5
34. Kg3 Kc4 35. Nb2+ Kb3 36. Nd3 Nxa3 37. Bxa3 Kxa3 38. f4 gxf4+ 39. Kxf4 Be5+
40. Nxe5 dxe5+ 41. Ke4 Kxb4 42. h4 a5 43. h5 gxh5 44. gxh5 a4 45. h6 a3 46. h7
a2 47. h8=Q a1=Q 48. Qf8+ c5 49. Qxf6 Qd4+ 50. Kf3 Qf4+ 51. Qxf4+ exf4 52. Kxf4
c4 53. Ke3 c3 54. Kd3 Kb3 0-1

[Event "18.Open Seefeld"]
[Site "Seefeld / Oesterreich"]
[Date "2007.09.03"]
[Round "3"]
[White "Straesser, Gerda"]
[Black "Ewanno, Georg"]
[Result "1-0"]
[WhiteElo "1828"]
[BlackElo "1250"]
[PlyCount "160"]
[EventDate "2007.09.01"]
[EventType "swiss"]
[EventRounds "9"]
[EventCountry "AUT"]

1. e4 e5 2. Nf3 Nf6 3. d3 Bc5 4. Be2 d6 5. h3 h6 6. Nc3 c6 7. O-O Bb6 8. Bd2
Bc7 9. Re1 O-O 10. a3 d5 11. exd5 cxd5 12. Bf1 Nc6 13. b4 a6 14. Rc1 Qd6 15. g3
b5 16. Bg2 Be6 17. Qe2 Qd7 18. Kh2 Rfe8 19. Ng1 Rab8 20. Rcd1 Bf5 21. Qf1 Nd4
22. Rc1 Qd6 23. Nce2 Ne6 24. Rcd1 Ng5 25. Bxg5 hxg5 26. c4 dxc4 27. dxc4 Bd3
28. c5 Qd7 29. Rd2 Rbd8 30. Red1 e4 31. Qe1 Qe6 32. Nc1 Nh5 33. Nxd3 Rxd3 34.
Rxd3 exd3 35. Qxe6 fxe6 36. Rxd3 e5 37. Rd7 Bb8 38. Bd5+ Kh8 39. Bf7 Rf8 40. c6
Nf6 41. Rb7 Bd6 42. Kg2 Kh7 43. Ne2 Kh6 44. Nc3 g6 45. Bb3 g4 46. Rf7 gxh3+ 47.
Kxh3 Rh8 48. Kg2 Kg5 49. Nd5 Ng4 50. c7 Rc8 51. Rd7 Bxc7 52. Rxc7 Rf8 53. Rc2
e4 54. Nc7 Rf3 55. Rb2 Rd3 56. Nxa6 e3 57. fxe3 Nxe3+ 58. Kf2 Rc3 59. Nc5 Ng4+
60. Kg2 Ne3+ 61. Kf2 Ng4+ 62. Ke2 Kh6 63. a4 bxa4 64. Bxa4 Rxg3 65. Rb3 Rg2+
66. Kf3 Rg1 67. Bd7 Ne5+ 68. Kf2 Rc1 69. Rh3+ Kg5 70. Ne4+ Kf4 71. Rh4+ Ng4+
72. Rxg4+ Ke5 73. Nc5 Rc2+ 74. Ke3 Rc3+ 75. Kd2 Ra3 76. Rxg6 Ra2+ 77. Kc3 Rh2
78. b5 Rh3+ 79. Kb4 Kd5 80. Bxh3 Ke5 1-0

[Event "18.Open Seefeld"]
[Site "Seefeld / Oesterreich"]
[Date "2007.09.03"]
[Round "3"]
[White "Perkmann, Gottfried"]
[Black "Senn, Othmar"]
[Result "1-0"]
[WhiteElo "1799"]
[BlackElo "1419"]
[PlyCount "81"]
[EventDate "2007.09.01"]
[EventType "swiss"]
[EventRounds "9"]
[EventCountry "AUT"]

1. e4 d5 2. exd5 Nf6 3. d4 Nxd5 4. c4 Nf6 5. Nf3 e6 6. Nc3 Be7 7. Bd3 O-O 8.
O-O Nc6 9. a3 b6 10. d5 exd5 11. cxd5 Na5 12. b4 Nb7 13. Bb2 Nd6 14. Re1 Bb7
15. Qb3 Qd7 16. Ne5 Qd8 17. Rad1 a5 18. b5 Nd7 19. Nxd7 Qxd7 20. Qc2 g6 21. Bc1
Bf6 22. Bh6 Bg7 23. Bxg7 Kxg7 24. a4 Rae8 25. Be4 Re7 26. Bf3 Rfe8 27. Qd2 f6
28. h3 Nc4 29. Rxe7+ Rxe7 30. Qd4 Nd6 31. Ne4 Qf5 32. Nxd6 cxd6 33. Qxb6 Rd7
34. Bg4 Qc2 35. Qxa5 Bxd5 36. Rxd5 Qc1+ 37. Rd1 Qc2 38. b6 f5 39. Bf3 Re7 40.
Rxd6 Qc1+ 41. Rd1 1-0

[Event "18.Open Seefeld"]
[Site "Seefeld / Oesterreich"]
[Date "2007.09.03"]
[Round "3"]
[White "Masson, Wally"]
[Black "Nolte, Wilhelm"]
[Result "0-1"]
[WhiteElo "1290"]
[BlackElo "1775"]
[PlyCount "86"]
[EventDate "2007.09.01"]
[EventType "swiss"]
[EventRounds "9"]
[EventCountry "AUT"]

1. f4 d5 2. Nf3 c5 3. b3 Nc6 4. e3 e6 5. Bb5 Bd7 6. O-O Nf6 7. Bxc6 Bxc6 8. Bb2
Be7 9. Ne5 Rc8 10. d3 O-O 11. Qe1 b6 12. Qg3 Bb7 13. Nd2 Ne8 14. Ndf3 Bf6 15.
Qh3 Qe7 16. g4 d4 17. g5 Bxe5 18. Nxe5 f6 19. g6 h6 20. Ng4 Rd8 21. e4 Bc8 22.
Rf3 Nc7 23. f5 exf5 24. exf5 Rde8 25. Nxh6+ gxh6 26. Qxh6 Qg7 27. Qh5 Nd5 28.
Raf1 Ne3 29. R1f2 Re5 30. Bc1 Rfe8 31. Rh3 R8e7 32. Rff3 Rxf5 33. Rxf5 Bxf5 34.
Rg3 Re5 35. Kf2 Bd7 36. Bxe3 Rxh5 37. Bf4 Rxh2+ 38. Kg1 Rh5 39. Bc1 Bf5 40. a4
Qb7 41. Bd2 Qh1+ 42. Kf2 Rh2+ 43. Rg2 Qxg2+ 0-1

[Event "18.Open Seefeld"]
[Site "Seefeld / Oesterreich"]
[Date "2007.09.03"]
[Round "3"]
[White "Bangert, Ruediger"]
[Black "Handl, Hans"]
[Result "0-1"]
[WhiteElo "1761"]
[BlackElo "1599"]
[PlyCount "80"]
[EventDate "2007.09.01"]
[EventType "swiss"]
[EventRounds "9"]
[EventCountry "AUT"]

1. d4 e6 2. c4 Nf6 3. Bg5 Be7 4. Nc3 c6 5. Qd2 d5 6. cxd5 cxd5 7. e3 a6 8. a3
Nbd7 9. Nf3 h6 10. Bf4 Nh5 11. Be5 Nxe5 12. Nxe5 O-O 13. Bd3 Bd6 14. Nf3 Nf6
15. O-O Bd7 16. Rac1 Rc8 17. Rfe1 Bc6 18. Qc2 Kh8 19. Qe2 Nd7 20. e4 dxe4 21.
Bxe4 Bb8 22. Red1 Qf6 23. d5 exd5 24. Bxd5 Rfe8 25. Qd2 Bf4 26. Qd3 Nc5 27. Qc4
Bxc1 28. Qxc5 Bxb2 29. Ne4 Qe7 30. Qxe7 Rxe7 31. Bxc6 Rxc6 32. Ng3 Rc1 33. Rxc1
Bxc1 34. a4 Rd7 35. Ne5 Rc7 36. Ne4 Re7 37. Nd6 Kg8 38. Nf3 Rd7 39. Nc4 Rd1+
40. Ne1 Rxe1# 0-1

[Event "18.Open Seefeld"]
[Site "Seefeld / Oesterreich"]
[Date "2007.09.04"]
[Round "4"]
[White "Pitl, Gregory"]
[Black "Kesik, Klaus-Dieter"]
[Result "1/2-1/2"]
[WhiteElo "2387"]
[BlackElo "2332"]
[PlyCount "68"]
[EventDate "2007.09.01"]
[EventType "swiss"]
[EventRounds "9"]
[EventCountry "AUT"]

1. e4 Nf6 2. e5 Nd5 3. d4 d6 4. c4 Nb6 5. f4 dxe5 6. fxe5 c5 7. d5 g6 8. Nc3
Bg7 9. Bf4 O-O 10. Qd2 e6 11. O-O-O exd5 12. cxd5 Bg4 13. Re1 c4 14. h3 Bf5 15.
Nf3 Na6 16. g4 Bd3 17. Bxd3 cxd3 18. d6 Nb4 19. Re4 a5 20. Kb1 Rc8 21. a3 Nc4
22. Rxc4 Rxc4 23. axb4 axb4 24. Nd5 Qa5 25. Qxd3 Qa6 26. Nxb4 Rxb4 27. Qxa6
bxa6 28. Bd2 Re4 29. Re1 Rxe1+ 30. Bxe1 Rd8 31. Bh4 Rd7 32. Be7 Bf8 33. Bf6 Bg7
34. Be7 Bf8 1/2-1/2

[Event "18.Open Seefeld"]
[Site "Seefeld / Oesterreich"]
[Date "2007.09.04"]
[Round "4"]
[White "Bayer, Bernhard"]
[Black "Stabolewski, Andreas"]
[Result "1-0"]
[WhiteElo "2356"]
[BlackElo "2263"]
[PlyCount "75"]
[EventDate "2007.09.01"]
[EventType "swiss"]
[EventRounds "9"]
[EventCountry "AUT"]

1. Nf3 Nf6 2. g3 b6 3. Bg2 Bb7 4. O-O e6 5. c4 Be7 6. d4 O-O 7. Nc3 Ne4 8. Qc2
Nxc3 9. Qxc3 f5 10. b4 Bf6 11. Bb2 d6 12. c5 dxc5 13. bxc5 Bd5 14. Rfc1 Nc6 15.
cxb6 cxb6 16. Ne5 Bxg2 17. Kxg2 Qd5+ 18. Qf3 Qxf3+ 19. Kxf3 Nxe5+ 20. dxe5 Bg5
21. Rc6 Rac8 22. Rxe6 Rc2 23. Bd4 Rd2 24. e3 f4 25. gxf4 Bxf4 26. Ke4 Bxh2 27.
f4 g5 28. fxg5 Rg2 29. Rb1 Rff2 30. Rh6 Rxa2 31. g6 hxg6 32. e6 Kf8 33. Bf6
Ra4+ 34. Kd3 Ra3+ 35. Ke4 Ra4+ 36. Kf3 Rg3+ 37. Ke2 Ra2+ 38. Kd1 1-0

[Event "18.Open Seefeld"]
[Site "Seefeld / Oesterreich"]
[Date "2007.09.04"]
[Round "4"]
[White "Vatter, Hans-Joachim"]
[Black "Gruber, Michael"]
[Result "1-0"]
[WhiteElo "2319"]
[BlackElo "2160"]
[PlyCount "65"]
[EventDate "2007.09.01"]
[EventType "swiss"]
[EventRounds "9"]
[EventCountry "AUT"]

1. d4 f5 2. Nc3 Nf6 3. Bg5 d5 4. Bxf6 exf6 5. e3 g6 6. Bd3 Nc6 7. a3 Be6 8. Qf3
Qd7 9. Nge2 O-O-O 10. h3 h5 11. O-O-O Bg7 12. Kb1 Kb8 13. Nc1 Rde8 14. Nb3 Bf8
15. Na4 Nd8 16. Nac5 Bxc5 17. Nxc5 Qd6 18. Rc1 Nf7 19. h4 c6 20. c4 Re7 21.
Nxe6 Qxe6 22. cxd5 Qxd5 23. Qg3+ Nd6 24. Bc4 Qe4+ 25. Ka1 f4 26. exf4 Nf5 27.
Qxg6 Nxd4 28. Qxe4 Rxe4 29. g3 Rd8 30. Ka2 Nf3 31. Rc2 Rdd4 32. Be2 Nd2 33.
Bxh5 1-0

[Event "18.Open Seefeld"]
[Site "Seefeld / Oesterreich"]
[Date "2007.09.04"]
[Round "4"]
[White "Platzgummer, Fabian"]
[Black "Wanderer, Thomas"]
[Result "1/2-1/2"]
[WhiteElo "2124"]
[BlackElo "2215"]
[PlyCount "68"]
[EventDate "2007.09.01"]
[EventType "swiss"]
[EventRounds "9"]
[EventCountry "AUT"]

1. e4 c5 2. Nf3 e6 3. d4 cxd4 4. Nxd4 a6 5. Nc3 Qc7 6. Bd3 Nf6 7. O-O Be7 8.
Kh1 d6 9. f4 Nbd7 10. Qe2 h5 11. Bd2 h4 12. Rae1 Nh5 13. e5 dxe5 14. Nxe6 Ng3+
15. hxg3 hxg3+ 16. Kg1 Qb6+ 17. Be3 Qxe6 18. f5 Qf6 19. Qg4 Qh4 20. Qxh4 Rxh4
21. Ne4 b6 22. Nxg3 Bb7 23. Bf2 f6 24. Be4 O-O-O 25. Bxb7+ Kxb7 26. Re4 Rxe4
27. Nxe4 Nc5 28. Bxc5 Bxc5+ 29. Kh2 Kc6 30. Kg3 a5 31. Rh1 Rd4 32. Kf3 Kd5 33.
Rh4 Kc6 34. Ke2 Ra4 1/2-1/2

[Event "18.Open Seefeld"]
[Site "Seefeld / Oesterreich"]
[Date "2007.09.04"]
[Round "4"]
[White "Kroencke, Manfred"]
[Black "Huettemann, Ralf"]
[Result "1-0"]
[WhiteElo "2207"]
[BlackElo "1998"]
[PlyCount "155"]
[EventDate "2007.09.01"]
[EventType "swiss"]
[EventRounds "9"]
[EventCountry "AUT"]

1. e4 c5 2. Nf3 a6 3. g3 d6 4. Bg2 e5 5. O-O Nf6 6. c3 Be7 7. d4 Qc7 8. Bg5
Nbd7 9. Nh4 h6 10. Be3 g6 11. Nd2 Nh5 12. Nhf3 b5 13. a4 Rb8 14. axb5 axb5 15.
Ne1 Ndf6 16. h3 g5 17. Nd3 O-O 18. Qe2 Kh7 19. Rfc1 Re8 20. dxe5 dxe5 21. b4 c4
22. Nc5 Ng7 23. Nf1 Bxc5 24. Bxc5 Nd7 25. Be3 Nb6 26. Bxb6 Qxb6 27. Ra5 Be6 28.
Ne3 Red8 29. Nd5 Bxd5 30. exd5 Qd6 31. g4 Ne8 32. Re1 f6 33. Qe4+ Kh8 34. Qg6
Rd7 35. Qxh6+ Rh7 36. Qg6 Rg7 37. Qf5 Qd7 38. Qf3 Rf7 39. Rea1 Nd6 40. Qe3 Nb7
41. Ra7 Qe8 42. R1a6 Kg7 43. Rb6 Qd8 44. Rxb5 Nd6 45. Rxf7+ Nxf7 46. Rxb8 Qxb8
47. Qc5 e4 48. Bxe4 Qf4 49. Qe3 Qd6 50. Qf3 Qa6 51. Kg2 Nd6 52. Qe3 Qa1 53. Bf3
Qa6 54. Qe7+ Nf7 55. d6 Qxd6 56. Qb7 Kf8 57. Qc8+ Kg7 58. Qxc4 Ne5 59. Qd5 Qc7
60. Qb7 Qxb7 61. Bxb7 Kf7 62. Bd5+ Ke7 63. c4 Nd3 64. b5 Kd7 65. b6 Nf4+ 66.
Kg3 Kc8 67. Bf3 Ne6 68. h4 gxh4+ 69. Kxh4 Nc5 70. Bd5 Nd3 71. f3 Nf4 72. Kg3
Ng6 73. f4 Ne7 74. Kf3 Kb8 75. f5 Nc8 76. b7 Ne7 77. Kf4 Kc7 78. g5 1-0

[Event "18.Open Seefeld"]
[Site "Seefeld / Oesterreich"]
[Date "2007.09.04"]
[Round "4"]
[White "Thoeny, Hermann"]
[Black "Schlosser, Andree"]
[Result "1-0"]
[WhiteElo "2123"]
[BlackElo "2200"]
[PlyCount "107"]
[EventDate "2007.09.01"]
[EventType "swiss"]
[EventRounds "9"]
[EventCountry "AUT"]

1. d4 d5 2. Nf3 Nf6 3. c4 c6 4. cxd5 cxd5 5. Nc3 Nc6 6. Bf4 e6 7. e3 Bd7 8. Bd3
Be7 9. h3 O-O 10. O-O Ne8 11. e4 dxe4 12. Nxe4 Nb4 13. Bb1 Bc6 14. a3 Nd5 15.
Bh2 Nef6 16. Ne5 Bb5 17. Re1 Rc8 18. Qd2 Qb6 19. Ba2 Rfd8 20. Ng5 Be8 21. Ngf3
h6 22. Rac1 Qa6 23. Bg3 b5 24. Qd3 Rxc1 25. Rxc1 Nb4 26. axb4 Qxa2 27. Nc6 Bxc6
28. Rxc6 Qxb2 29. Qxb5 Qxb4 30. Qa6 Qa3 31. Qb7 a5 32. Bc7 Rf8 33. Bxa5 Qxa5
34. Qxe7 Nd5 35. Qd7 Qa1+ 36. Kh2 Qf1 37. Rc8 Rxc8 38. Qxc8+ Kh7 39. Qc2+ g6
40. Qd2 g5 41. g3 Nf6 42. Qc2+ Kg7 43. Ne5 h5 44. d5 Nxd5 45. Qb2 Kg8 46. Qb8+
Kh7 47. Qa7 Ne7 48. Nxf7 g4 49. h4 Kg6 50. Ng5 Qe1 51. Kg2 Kf6 52. Qb8 Nf5 53.
Qd8+ Ke5 54. f4+ 1-0

[Event "18.Open Seefeld"]
[Site "Seefeld / Oesterreich"]
[Date "2007.09.04"]
[Round "4"]
[White "Mertens, Klaus"]
[Black "Stoer, Andreas"]
[Result "1-0"]
[WhiteElo "2090"]
[BlackElo "2171"]
[PlyCount "65"]
[EventDate "2007.09.01"]
[EventType "swiss"]
[EventRounds "9"]
[EventCountry "AUT"]

1. Nf3 d5 2. g3 Nf6 3. Bg2 c6 4. O-O Bg4 5. h3 Bh5 6. d3 Nbd7 7. b3 e5 8. Bb2
Bd6 9. Nh4 O-O 10. c4 Re8 11. Nd2 e4 12. dxe4 dxe4 13. Nxe4 Nxe4 14. Bxe4 Rxe4
15. Qxd6 Nf8 16. Qxd8 Rxd8 17. e3 Rd2 18. Bc3 Rd3 19. Bb4 Ne6 20. g4 Bg6 21.
Nxg6 fxg6 22. Rfd1 Rxd1+ 23. Rxd1 b5 24. Rc1 c5 25. Be1 a6 26. Kg2 h5 27. cxb5
axb5 28. Kf3 Ng5+ 29. Kg3 Ne6 30. Bd2 Kf7 31. f4 c4 32. Kf3 Nc5 33. b4 1-0

[Event "18.Open Seefeld"]
[Site "Seefeld / Oesterreich"]
[Date "2007.09.04"]
[Round "4"]
[White "Kainrath, Florian"]
[Black "van der Weide, Karel"]
[Result "0-1"]
[WhiteElo "2061"]
[BlackElo "2502"]
[PlyCount "42"]
[EventDate "2007.09.01"]
[EventType "swiss"]
[EventRounds "9"]
[EventCountry "AUT"]

1. e4 c5 2. d4 cxd4 3. c3 Nf6 4. e5 Nd5 5. Nf3 e6 6. cxd4 b6 7. Bd3 Ba6 8. O-O
Be7 9. Re1 Bxd3 10. Qxd3 Nc6 11. Nc3 Nxc3 12. bxc3 Rc8 13. Qe4 O-O 14. d5 exd5
15. Qxd5 Qc7 16. Rd1 Nb8 17. Bg5 Bxg5 18. Nxg5 Qxc3 19. Qe4 Qc2 20. Qf4 Rc4 21.
Rac1 Qxd1+ 0-1